000 00775nam a22001817a 4500
003 UA-OsUOA
001 18794
007 ta
008 20040612b un ||||| |||| 00| 0 ukr d
100 _aГордич В.
942 _cSA
040 _aUA-OsUOA
_cUA-OsUOA
_dUA-OsUOA
245 _aБільше б книжок хороших і гарних
_b[У Рівнен. обл. наук. б-ці відбулася виставка-ярмарка " Рівненщина книжкова", присвячена Дню пацівників видавницт, поліграфії та книгорозповсюдження]
300 _aС.12
955 _a0
773 0 _w0
_tСім днів
_dРівне
_d2004
_g№23/4 черв./
650 7 _aКраєзнавча робота
_2UDC
999 _c304965
_d304965